Giải tích hàm một biến

Đã lưu trong:
书目详细资料
主要作者: Đinh Ngọc Thanh ...[et al.]
格式: 图书
语言:Undetermined
出版: H. Giáo Dục
主题:
标签: 添加标签
没有标签, 成为第一个标记此记录!
Thư viện lưu trữ: Trung tâm Học liệu Trường Đại học Cần Thơ
LEADER 00477nam a2200169Ia 4500
001 CTU_51495
008 210402s9999 xx 000 0 und d
020 |b 11900 
082 |a 515 
082 |b Gi103 
100 |a Đinh Ngọc Thanh ...[et al.] 
245 0 |a Giải tích hàm một biến 
245 0 |c Đinh Ngọc Thanh ...[et al.] 
260 |a H. 
260 |b Giáo Dục 
650 |a function analysis 
980 |a Trung tâm Học liệu Trường Đại học Cần Thơ